| 000 | 00816nam a2200241 a 4500 | ||
|---|---|---|---|
| 001 | 52497 | ||
| 003 | BD-RjUL | ||
| 005 | 20211209075822.0 | ||
| 008 | 160921s2002 bg ||||| |||| 00| 0 ben d | ||
| 020 |
_a9840742647 _c: Tk.190.00 |
||
| 035 | _a(BD-RjUL)52617 | ||
| 040 |
_aBD-RjUL _bben _cBD-RjUL _dBD-RjUL |
||
| 041 | _aben | ||
| 082 |
_223 _a338.3727 _bDAM 2002 |
||
| 100 |
_aদাশ, বিষ্ণু _9157000 |
||
| 245 | 1 | 0 |
_aমৎস্য চাষের উৎপাদন অর্থনীতি / _cবিষ্ণু দাশ |
| 260 |
_aঢাকা : _bবাংলা একাডেমী, _c২০০২. |
||
| 300 |
_a খন্ড. ; _c২৫ সেমি. |
||
| 505 | _aখন্ড. ১. -- | ||
| 650 |
_aমৎস্য চাষ _9157001 |
||
| 650 |
_aFishing _9144794 |
||
| 942 |
_2ddc _cBK |
||
| 999 |
_c52497 _d52497 |
||